Statistiche per Marcatori dell'Italia ai Mondiali - Francia 1938

Clicka qui per fare il quiz!

Statistiche generali

  • Questo quiz è stato fatto 3 volte
  • Il punteggio medio è 5 su 11

Statistiche sulle risposte

PartitaMinutoMarcatore% Corretto
Italia - Brasile 2-160'Giuseppe Meazza
100%
Italia - Norvegia 2-1 (d.t.s)94'Silvio Piola
67%
Francia - Italia 1-351'Silvio Piola
67%
Francia - Italia 1-372'Silvio Piola
67%
Italia - Ungheria 4-216'Silvio Piola
67%
Italia - Ungheria 4-282'Silvio Piola
67%
Italia - Norvegia 2-1 (d.t.s)2'Pietro Ferraris
33%
Francia - Italia 1-39'Gino Colaussi
0%
Italia - Brasile 2-151'Gino Colaussi
0%
Italia - Ungheria 4-26'Gino Colaussi
0%
Italia - Ungheria 4-235'Gino Colaussi
0%

Distribuzione punteggi

Percentile per numero di risposta

Percentuale di utenti per punteggio

I tuoi punteggi nel tempo

Non hai fatto questo quiz